№ 3; Национальные стандарты

Detalhes bibliográficos
Parent link:Национальные стандарты: Информационный указатель/ Федеральное агентство по техническому регулированию и метрологии. № 3.— , 2004-
Idioma:russo
Publicado em: 2008
Formato: Livro
KOHA link:https://koha.lib.tpu.ru/cgi-bin/koha/opac-detail.pl?biblionumber=406248

MARC

LEADER 00000nam2a2200000 4500
001 406248
005 20250214161352.0
035 |a (RuTPU)RU\TPU\prd\57002 
090 |a 406248 
100 |a 20080415a19409999k y0rusy50 ca 
101 0 |a rus 
102 |a RU 
200 0 |a № 3 
210 |d 2008 
461 1 |0 (RuTPU)RU\TPU\prd\23792  |t Национальные стандарты  |o Информационный указатель  |f Федеральное агентство по техническому регулированию и метрологии  |v № 3  |d 2004- 
801 0 |a RU  |b 63413507  |c 20010227  |g PSBO 
801 1 |a RU  |b 63413507  |c 20080415  |g PSBO 
801 2 |a RU  |b 63413507  |c 20191122  |g RCR 
942 |c CR